000 01300nam a2200229Ia 4500
003 Ost
005 20260507075112.0
008 260507s9999||||xx |||||||||||||| ||und||
020 _a2035281977
040 _cfsecg
041 _aara
082 _a600
100 _aحسن، أحمد عبد المنعم
_eمؤلف
245 0 _aتكنولوجيا إنتاج الخضر /
_c أحمد عبد المنعم حسن
260 _aالقاهرة:
_bالمكتبة الأكاديمية,
_c1998
300 _a725 صفحة؛
_bإيضاحات ؛
_c24 سم
490 _aأساسيات الخضر
504 _aببليوغرافيا:ص.697-725
520 _aتقوى الخضر وإعدادها للزراعة،أوعية نمو النباتات وبيئات الزراعة،إنتاج شتلات الخضر،زراعة الخضر في الحقل الدائم،العزيق وأغطية التربة،الري،التسميد،المنشطات الحيوية،وسائل حماية الزراعات الحقلية من الظروف الجوية غير المناسبة،الحصاد،عمليات التداول والإعداد للتسويق،التغيرات الفسيولوجيةالتي تطرأعلى محاصيل الخضر بعد الحصاد
653 _aالزراعة
942 _cكتاب
999 _c42928
_d42928